Maths : Le nombre d'or - Statistiques

Statistiques générales
  • Ce quiz a été pris 536 fois
  • Le résultat moyen est 11 sur 19
Statistiques - réponses
Question Réponse % Correct
Chiffre avant la virgule 1
100%
Première décimale 6
75%
Deuxième décimale 1
74%
Troisième décimale 8
71%
Quatrième décimale 0
65%
Cinquième décimale 3
64%
Sixième décimale 3
63%
Huitième décmale 8
63%
Septième décimale 9
63%
Dixième décimale 7
62%
Neuvième décimale 8
62%
Premier nombre de la suite 1
52%
Deuxième nombre de la suite 1
50%
Troisième nombre de la suite 2
49%
Quatrième nombre de la suite 3
49%
Cinquième nombre de la suite 5
48%
Lié à la suite de ____ Fibonacci
39%
Lettre de l'alphabet grec Phi
36%
Le nombre est en fait une ____ Proportion
18%
Aucun quiz correspondant
Distribution des résultats
% des personnes avec chaque résultat
Percentile par nombre de réponses
Votre historique - résultats
Vous n’avez pas pris ce quiz